| 000 | 01344cam a2200133 4500500 | ||
|---|---|---|---|
| 005 | 20260329023222.0 | ||
| 041 | _afre | ||
| 042 | _adc | ||
| 100 | 1 | 0 |
_aMacia, Enguerran _eauthor |
| 245 | 0 | 0 | _aDans la peau d'une femme de plus de 65 ans |
| 260 |
_bArmand Colin,
_c2013. |
||
| 520 | _aRester, ou tout du moins avoir l’air, jeune est devenu un véritable impératif social.Face à la pression des discours normatifs qui prônent le mythe de l’éternelle jeunesse, comment les femmes vivent-elles les changements biologiques et sociaux liés à l’avancée en âge ? Quelles stratégies mettent-elles en place pour limiter l’empreinte du temps sur, et dans, leur corps ? Ressentent-elles une rupture entre un corps vieillissant et une identité « sans âge » ?En accordant une large place à la parole des femmes, cet ouvrage propose une approche originale du vieillissement humain, vu à travers le prisme du corps. Il interroge leur perception des transformations corporelles, les modes de résistance qu’elles peuvent mettre en place face à ce processus physiologique dégénératif et comment elles réinventent – ni plus ni moins – les modalités du vieillir ici et maintenant. | ||
| 856 | 4 | 1 | _uhttps://shs.cairn.info/dans-la-peau-d-une-femme-de-plus-de-65-ans--9782200279783?lang=fr&redirect-ssocas=7080 |
| 999 |
_c1925569 _d1925569 |
||